Hỏi đáp-tri thức bách khoa về đời sống
Nội dung sách có nhiều câu hỏi và giải đáp về sinh học,đời sống hằng ngày, những kiến thức cơ bản và tổng quát về sinh học.
Gardado en:
| Autor Principal: | |
|---|---|
| Formato: | Libro |
| Idioma: | Undetermined |
| Publicado: |
Hà Nội
Giao thông vận tải
2005
|
| Những chủ đề: | |
| Các nhãn: |
Engadir etiqueta
Sen Etiquetas, Sexa o primeiro en etiquetar este rexistro!
|
| Thư viện lưu trữ: | Trung tâm Học liệu Trường Đại học Cần Thơ |
|---|
| LEADER | 00810nam a2200205Ia 4500 | ||
|---|---|---|---|
| 001 | CTU_132816 | ||
| 008 | 210402s9999 xx 000 0 und d | ||
| 020 | |c 40000 | ||
| 082 | |a 570 | ||
| 082 | |b Tr300 | ||
| 100 | |a Trí Dũng | ||
| 245 | 0 | |a Hỏi đáp-tri thức bách khoa về đời sống | |
| 245 | 0 | |c Trí Dũng | |
| 260 | |a Hà Nội | ||
| 260 | |b Giao thông vận tải | ||
| 260 | |c 2005 | ||
| 520 | |a Nội dung sách có nhiều câu hỏi và giải đáp về sinh học,đời sống hằng ngày, những kiến thức cơ bản và tổng quát về sinh học. | ||
| 650 | |a Biology,Biological diversity conservation,Sinh học,Đa dạng sinh học | ||
| 904 | |i Tuyến | ||
| 980 | |a Trung tâm Học liệu Trường Đại học Cần Thơ | ||